000
00270nam a2200109Ia 4500
008
230907s9999||||xx |||||||||||||| ||und||
082
_a
658.3
_b
HUM
245
0
_a
Human resource management :
260
_a
McGraw-Hill,
_b
New York :
_c
2019
300
_a
744 p.
942
_c
BK
999
_c
601418
_d
601418